[Event "Hamburg-chA"]
[Site "Hamburg"]
[Date "2019.06.15"]
[Round "6"]
[White "Grotrian, Peter"]
[Black "Grube, Bernd"]
[Result "1-0"]
[WhiteElo "1511"]
[BlackElo "1579"]
[PlyCount "59"]
[EventDate "2019.06.08"]
[EventType "swiss"]
[EventRounds "7"]
[EventCountry "GER"]
[SourceTitle "EXT 2022"]
[Source "ChessBase"]
[SourceDate "2021.10.06"]
[SourceVersion "1"]
[SourceVersionDate "2021.10.06"]
[SourceQuality "1"]

1. d4 e6 2. e4 d5 3. Nc3 dxe4 4. Nxe4 Nf6 5. Nxf6+ Qxf6 6. Nf3 Qd8 7. Bd3 Nd7 8. Qe2 Be7 9. c3 Nf6 10. h3 0-0 11. g4 b6 12. g5 Nh5 13. Qe4 g6 14. Qxa8 c5 15. Qe4 Qc7 16. Be2 Bb7 17. Qd3 Bd6 18. Be3 Bf4 19. 0-0 Bxe3 20. Qxe3 Nf4 21. Nh4 Nxe2+ 22. Qxe2 Qf4 23. Qg4 Qd6 24. Rad1 f5 25. Qg3 Qd5 26. Kh2 f4 27. Qg4 Qd6 28. dxc5 Qxc5 29. Qxe6+ Rf7 30. Rd7 1-0

[Event "Hamburg HSK Christmas op 4th"]
[Site "Hamburg"]
[Date "2018.12.28"]
[Round "3"]
[White "Grotrian, Peter"]
[Black "Sonntag, Sven"]
[Result "0-1"]
[WhiteElo "1500"]
[BlackElo "1978"]
[PlyCount "62"]
[EventDate "2018.12.27"]
[EventType "swiss"]
[EventRounds "7"]
[EventCountry "GER"]
[SourceTitle "CBM 188 Extra"]
[Source "ChessBase"]
[SourceDate "2019.02.26"]
[SourceVersion "1"]
[SourceVersionDate "2019.02.26"]
[SourceQuality "1"]

1. d4 d6 2. c4 Nf6 3. Nc3 Nbd7 4. e4 e5 5. d5 c6 6. Bd3 a5 7. Be3 Nc5 8. h3 Qc7 9. Rc1 Bd7 10. Bc2 Be7 11. Nge2 h6 12. 0-0 g5 13. Qd2 cxd5 14. Nxd5 Nxd5 15. exd5 g4 16. h4 Bxh4 17. Bxh6 Qd8 18. Ng3 Qf6 19. Be3 b6 20. b4 axb4 21. Qxb4 Bg5 22. Bxg5 Qxg5 23. Qxb6 Qh6 24. Rfe1 Kf8 25. Ra1 Kg7 26. a4 Rab8 27. Qa5 f5 28. Bxf5 Rb2 29. Bxd7 Qh2+ 30. Kf1 Qh1+ 31. Nxh1 Rxh1# 0-1

[Event "Hamburg HSK Christmas op 4th"]
[Site "Hamburg"]
[Date "2018.12.27"]
[Round "1"]
[White "Grotrian, Peter"]
[Black "Koop, Soeren"]
[Result "1-0"]
[WhiteElo "1500"]
[BlackElo "2096"]
[PlyCount "119"]
[EventDate "2018.12.27"]
[EventType "swiss"]
[EventRounds "7"]
[EventCountry "GER"]
[SourceTitle "CBM 188 Extra"]
[Source "ChessBase"]
[SourceDate "2019.02.26"]
[SourceVersion "1"]
[SourceVersionDate "2019.02.26"]
[SourceQuality "1"]

1. d4 d5 2. c4 c6 3. Nf3 Nf6 4. cxd5 cxd5 5. Nc3 Nc6 6. Bf4 a6 7. e3 Bg4 8. h3 Bxf3 9. Qxf3 e6 10. Qd1 Bd6 11. Bxd6 Qxd6 12. Bd3 0-0 13. 0-0 b5 14. Rc1 Rac8 15. Qd2 Nd7 16. Rfd1 f5 17. Ne2 Nb6 18. b3 Nb4 19. Bb1 Nd7 20. Nf4 Kf7 21. Nd3 Nxd3 22. Bxd3 Qa3 23. f3 Kg8 24. Re1 Nb8 25. e4 fxe4 26. Rxc8 Rxc8 27. fxe4 Nc6 28. exd5 exd5 29. Rc1 Ne7 30. Rxc8+ Nxc8 31. Qc2 Ne7 32. Bxh7+ Kh8 33. Bd3 Qb4 34. Qf2 Nc6 35. Qh4+ Kg8 36. Qh7+ Kf8 37. Qf5+ Ke7 38. Qg5+ Kf8 39. Qxd5 Qxd4+ 40. Qxd4 Nxd4 41. b4 Nc6 42. a3 Ne5 43. Be2 Ke7 44. Kf2 Kd6 45. Ke3 Kd5 46. Bf3+ Nxf3 47. Kxf3 Kc4 48. h4 Kb3 49. h5 Kxa3 50. g4 Kxb4 51. g5 Ka3 52. h6 gxh6 53. gxh6 a5 54. h7 b4 55. h8Q a4 56. Qa1+ Kb3 57. Ke3 a3 58. Kd3 a2 59. Kd2 Ka3 60. Kc2 1-0

[Event "Hamburg-chA"]
[Site "Hamburg"]
[Date "2018.05.25"]
[Round "5"]
[White "Grotrian, Peter"]
[Black "Reiner, Oliver"]
[Result "1/2-1/2"]
[WhiteElo "1508"]
[BlackElo "1585"]
[PlyCount "132"]
[EventDate "2018.05.19"]
[EventType "swiss"]
[EventRounds "7"]
[EventCountry "GER"]
[SourceTitle "EXT 2020"]
[Source "ChessBase"]
[SourceDate "2019.10.17"]
[SourceVersion "1"]
[SourceVersionDate "2019.10.17"]
[SourceQuality "1"]

1. e4 e5 2. Nf3 Nc6 3. d4 exd4 4. Nxd4 Bc5 5. Nb3 Bb6 6. Nc3 Qf6 7. Qe2 Nge7 8. h4 d6 9. Nd5 Nxd5 10. exd5+ Ne7 11. Bg5 Qe5 12. Qxe5 dxe5 13. 0-0-0 f6 14. Be3 Bxe3+ 15. fxe3 Bg4 16. Rd2 0-0-0 17. c4 Bf5 18. Bd3 g6 19. Bxf5+ Nxf5 20. Rh3 b6 21. Rf2 Rhf8 22. h5 Nd6 23. Nd2 f5 24. hxg6 hxg6 25. b3 Rh8 26. Nf3 Rxh3 27. gxh3 Nf7 28. Nh4 Rd6 29. e4 f4 30. Rg2 g5 31. Nf3 Rg6 32. Kd2 Kd7 33. b4 Kd6 34. Kc3 a5 35. a4 Rh6 36. bxa5 bxa5 37. Nxg5 Nxg5 38. Rxg5 Rxh3+ 39. Kd2 Re3 40. c5+ Kxc5 41. Rxe5 Kd6 42. Re6+ Kc5 43. Rc6+ Kb4 44. Rxc7 Rxe4 45. Kd3 Re3+ 46. Kd4 Re1 47. Rc4+ Kb3 48. Rc3+ Kxa4 49. d6 Re8 50. Kd5 Kb5 51. d7 Rd8 52. Ke6 Rh8 53. Ke7 Rh7+ 54. Kd8 Kb6 55. Kc8 Rh8+ 56. d8Q+ Rxd8+ 57. Kxd8 Kb5 58. Rb3+ Kc4 59. Rf3 a4 60. Rxf4+ Kb3 61. Rf7 a3 62. Rb7+ Kc2 63. Ra7 Kb2 64. Rb7+ Kc2 65. Ra7 Kb2 66. Rb7+ Kc2 1/2-1/2

[Event "Hamburg-chA"]
[Site "Hamburg"]
[Date "2018.05.20"]
[Round "2"]
[White "Hermes, Simon"]
[Black "Grotrian, Peter"]
[Result "1-0"]
[WhiteElo "1653"]
[BlackElo "1508"]
[PlyCount "83"]
[EventDate "2018.05.19"]
[EventType "swiss"]
[EventRounds "7"]
[EventCountry "GER"]
[SourceTitle "EXT 2020"]
[Source "ChessBase"]
[SourceDate "2019.10.17"]
[SourceVersion "1"]
[SourceVersionDate "2019.10.17"]
[SourceQuality "1"]

1. d4 d5 2. c4 c6 3. cxd5 cxd5 4. Nc3 Nf6 5. Bf4 a6 6. e3 Nc6 7. Bd3 Bg4 8. f3 Bh5 9. Nge2 e6 10. Rc1 Rc8 11. 0-0 Bd6 12. Bg5 h6 13. Bh4 Qc7 14. Bg3 Bxg3 15. Nxg3 b5 16. Nxb5 Qb8 17. Qa4 0-0 18. Qxa6 Nb4 19. Qa3 Nxd3 20. Qxd3 Bg6 21. Qe2 e5 22. Nc3 Rfe8 23. Qd2 exd4 24. exd4 Re7 25. Rfe1 Rce8 26. Rxe7 Rxe7 27. Nge2 Rb7 28. Na4 Qa7 29. Nc5 Re7 30. b4 Qb8 31. Nf4 Bf5 32. a4 g5 33. Nfd3 Kh7 34. Ne5 Qg8 35. Nc6 Re8 36. b5 g4 37. fxg4 Bxg4 38. Ne5 Bh3 39. Rf1 Rxe5 40. dxe5 Ne4 41. Nxe4 dxe4 42. Kh1 1-0

[Event "Hamburg CC Easter op 3rd"]
[Site "Hamburg"]
[Date "2017.04.15"]
[Round "3"]
[White "Urbansky, Thomas"]
[Black "Grotrian, Peter"]
[Result "0-1"]
[WhiteElo "983"]
[BlackElo "1536"]
[PlyCount "64"]
[EventDate "2017.04.14"]
[EventType "swiss"]
[EventRounds "7"]
[EventCountry "GER"]
[SourceTitle "EXT 2020"]
[Source "ChessBase"]
[SourceDate "2019.10.17"]
[SourceVersion "1"]
[SourceVersionDate "2019.10.17"]
[SourceQuality "1"]

1. e4 e6 2. Nc3 d5 3. exd5 exd5 4. d4 Bb4 5. h3 Nc6 6. Nf3 Nge7 7. Bf4 f6 8. a3 Bxc3+ 9. bxc3 Na5 10. Bb5+ Bd7 11. Rb1 Bxb5 12. Rxb5 b6 13. 0-0 Nc4 14. Nd2 Nxa3 15. Rb3 Nc4 16. Nxc4 dxc4 17. Qh5+ Kf8 18. Rbb1 c6 19. Rfe1 Nd5 20. Qf3 Kf7 21. Re4 Re8 22. Rbe1 Rxe4 23. Rxe4 Qd7 24. g4 Re8 25. Be5 Kg8 26. Bg3 Rxe4 27. Qxe4 Nxc3 28. Qe1 Nd5 29. Kh2 Qe7 30. Qd2 a5 31. h4 a4 32. c3 b5 0-1